• 首页
  • 本馆介绍
  • 公告通知
  • 最新文献
  • 馆藏检索
  • 电子资源
  • 读者导购
  • 参考咨询
  • 我的图书馆
  • 登录
  • 详细信息显示
  • 放入我的书架
  • 预约/预借图书
  • 作者相关作品
  • 分类相关作品
  • 丛书相关作品
  • 出版社相关作品

书目信息

  • 表格格式
  • 工作单格式
  • 卡片格式
题名:
盐碱地改良技术实用问答及案例分析
    
 
作者: 梁飞 , 李智强 , 张磊 主编
分册:  
出版信息: 北京   中国农业出版社  2018
页数: 189页
开本: 21cm
丛书名:
单 册:
中图分类: S156.4
科图分类:
主题词: 盐碱土改良--yan jian tu gai liang--案例
电子资源:
ISBN: 978-7-109-24618-8
000 01081nam0 2200265 45
001 012001000635
005 20140106140834.0
010    @a978-7-109-24618-8@dCNY29.00
099    @aCAL 012019008841
100    @a20190118d2018 em y0chiy50 ea
101 0  @achi
102    @aCN@b110000
105    @aaf z 000yy
106    @ar
200 1  @a盐碱地改良技术实用问答及案例分析@Ayan jian di gai liang ji shu shi yong wen da ji an li fen xi@f梁飞, 李智强, 张磊主编
210    @a北京@c中国农业出版社@d2018
215    @a189页@c图 (部分彩图)@d21cm
330    @a本书采用知识问答与案例分析相结合的模式,从盐碱土改良的共性知识,土壤盐分分析技术、水利工程改良、农业改良盐碱土技术、生物改良盐碱土方法、化学改良方法等方面介绍普及盐碱土改良的技术,介绍盐碱土改良的成功案例,为广大种植户及土壤改良技术应用者提供技术支撑。
606 0  @a盐碱土改良@Ayan jian tu gai liang@x案例
690    @aS156.4@v5
701  0 @a梁飞@Aliang fei@4主编
701  0 @a李智强@Ali zhi qiang@4主编
701  0 @a张磊@Azhang lei@4主编
801  0 @aCN@b北京卓展文化@c20191020
905    @b1200740-3@dS156.4@e109@f4
    
    盐碱地改良技术实用问答及案例分析/梁飞, 李智强, 张磊主编.-北京:中国农业出版社,2018
    189页:图 (部分彩图);21cm
    
    
    ISBN 978-7-109-24618-8:CNY29.00
    本书采用知识问答与案例分析相结合的模式,从盐碱土改良的共性知识,土壤盐分分析技术、水利工程改良、农业改良盐碱土技术、生物改良盐碱土方法、化学改良方法等方面介绍普及盐碱土改良的技术,介绍盐碱土改良的成功案例,为广大种植户及土壤改良技术应用者提供技术支撑。
●
相关链接 在E读中查询图书 在五车中查询图书 在当当中查询图书 在豆瓣中查询图书


正题名:盐碱地改良技术实用问答及案例分析     索取号:S156.4/109         预约/预借

序号 登录号 条形码 馆藏地/架位号 状态 备注
1 1200740   212007406   第二样本阅览室/ [索取号:S156.4/109] 在馆    
2 1200741   212007415   第三借阅区/ [索取号:S156.4/109] 在馆    
3 1200742   212007424   第三借阅区/ [索取号:S156.4/109] 在馆    
4 1200743   212007433   第三借阅区/ [索取号:S156.4/109] 在馆    
唐山师范学院图书馆 欢迎您!
大连网信软件有限公司© 版权所有